Formula One Lando Norris Wins - Statistics

General Stats
  • This quiz has been taken 220 times
    51 since last reset
  • The average score is 10 of 11
Answer Stats
Hint Answer % Correct
2025 Australia
98%
2024 Miami
98%
2024 Abu Dhabi
91%
2025 Austria
91%
2025 Brazil
91%
2025 Monaco
91%
2025 Hungary
89%
2025 Mexico
86%
2024 Netherlands
86%
2025 Great Britain
84%
2024 Singapore
82%
No matching quizzes found
Score Distribution
Percent of People with Each Score
Percentile by Number Answered
Your Score History
You have not taken this quiz since the last reset